Technology by Letter: D - Statistics

General Stats
  • This quiz has been taken 44 times
  • The average score is 8 of 15
Answer Stats
Hint Answer % Correct
Cleans the plates for you Dishwasher
89%
A type of engines and of fuel Diesel
84%
Substance to color clothes Dye
79%
Movies often come on these DVD
76%
Unmanned aerial vehicle Drone
71%
Rotary disc on ancient telephones Dial
66%
How to turn rivers into lakes Dam
58%
How to turn grain into whiskey Distillation
53%
Makes holes where you need them Drill
53%
How to store this website on your computer Download
42%
Simple yes/no semiconductor Diode
39%
Electrical life-saver Defibrillator
34%
You're looking at this right now. Display
32%
Machine that writes on paper with pins Dot-matrix printer
21%
Makes big holes where you need them Dynamite
3%
No matching quizzes found
Score Distribution
Percent of People with Each Score
Percentile by Number Answered
Your Score History
You have not taken this quiz